| 000 | 005470000a22001810004500 | ||
|---|---|---|---|
| 003 | MACL | ||
| 005 | 20160528130507.0 | ||
| 008 | 160528b xxu||||| |||| 00| 0 eng d | ||
| 040 |
_aMACL _cMACL |
||
| 041 | _aHindi | ||
| 082 | _a891.433 | ||
| 100 |
_aविमल, गंगाप्रसाद _956357 |
||
| 245 |
_aअपने से अलग _cगंगाप्रसाद विमल |
||
| 260 |
_bकिताब घर _c1994 _aदिल्ली |
||
| 350 | _a65 | ||
| 650 |
_aNovel _960511 |
||
| 942 |
_cHIN _k891.433/VIM/N _2ddc |
||
| 999 |
_c22098 _d22098 |
||